| 000 | 01952cam a22002775a 4500 | ||
|---|---|---|---|
| 999 |
_c27340 _d27311 |
||
| 005 | 20190414144934.0 | ||
| 008 | 171011t2019 nyua frb 001 0 eng d | ||
| 020 | _a9781260092035 | ||
| 040 |
_aDLC _beng _cDLC _dEG-ScBUE _dEG-ScBUE |
||
| 082 | 0 | 4 |
_a620.11 _bSMI _222 |
| 100 | 1 |
_aSmith, William F. _q(William Fortune), _d1931- |
|
| 245 | 1 | 0 |
_aFoundations of materials science and engineering / _cWilliam F. Smith, Javad Hashemi, Francisco Presuel-Moreno. |
| 250 | _a6th ed., International student ed. | ||
| 260 |
_aNew York : _bMcGraw-Hill Education, _cc.2019. |
||
| 300 |
_axviii, 1084 p. : _bill. ; _c24 cm. |
||
| 500 | _aIncludes answers to chapter exercises. | ||
| 504 | _aIncludes bibliographical references and index. | ||
| 520 | _aTo prepare materials engineers and scientists of the future, Foundations of Materials Science and Engineering, Sixth Edition is designed to present diverse topics in the field with appropriate breadth and depth. The strength of the book is in its balanced presentation of concepts in science of materials (basic knowledge) and engineering of materials (applied knowledge). The basic and applied concepts are integrated through concise textual explanations, relevant and stimulating imagery, detailed sample problems, electronic supplements, and homework problems. This textbook is therefore suitable for both an introductory course in materials at the sophomore level and a more advanced (junior/senior level) second course in materials science and engineering. The extensive media package available with the text provides tutorials and animations, as well as image files, case studies, FE Exam review questions, and a solutions manual and lecture PowerPoint files for instructors. | ||
| 650 | 7 |
_aMaterials science. _2BUEsh |
|
| 650 | 7 |
_aMaterials. _2BUEsh |
|
| 651 | _2BUEsh | ||
| 653 |
_bENGMEC _cApril2019 |
||
| 700 | 1 |
_aHashemi, Javad, _d1961- |
|
| 700 | 1 | _aPresuel-Moreno, Francisco. | |
| 942 | _2ddc | ||